| 000 | 00440nam a2200169Ia 4500 | ||
|---|---|---|---|
| 005 | 20241206164102.0 | ||
| 008 | 231221s9999 xx 000 0 und d | ||
| 020 | _a9780387947235 | ||
| 082 | _a001.6424AUT KEN;1 R | ||
| 100 | _aKent, Dorothy. | ||
| 245 | 4 | _aThe auto CAD reference guide : release 13 | |
| 250 | _a3rd ed. | ||
| 260 |
_c1996 _bSpringer _aNew York |
||
| 300 | _axi, 613 | ||
| 650 | _aauto,CAD,release,13 | ||
| 942 | _cAR | ||
| 999 |
_c233175 _d233175 |
||